00410 a2200109 4500001001000000005001700010008004100027245012600068100002100194773006800215999001700283ART_3823020260410161804.0260409a 10aAspectos jurídicos y regulatorios con impacto sobre la transformación, fusión y escisión de la sociedad anónima1 aPapa, Rodolfo G.0 tDoctrina Societaria y Concursalg- Nº 328 (mar. 2015)wREV4298 c20815d20815